| 000 | 00731nam a2200169Ia 4500 | ||
|---|---|---|---|
| 008 | 110201s9999 xx 000 0 und d | ||
| 082 |
_bB7461 _aBAL 1998 |
||
| 100 | _aक्षीरसागर क कृ. | ||
| 245 | _aनाते निसर्गाशी ऋतू बदलांचा मागोवा | ||
| 260 | _bअनिकेत प्रकाशन | ||
| 365 | _b12 | ||
| 600 | _aक्षीरसागर क कृ. | ||
| 630 | _aनाते निसर्गाशी ऋतू बदलांचा मागोवा | ||
| 700 | _aक्षीरसागर क कृ. | ||
| 730 | _aनाते निसर्गाशी ऋतू बदलांचा मागोवा | ||
| 942 | _cBOOK | ||
| 999 |
_c832982 _d832979 |
||